[Event "TUR Cup"]
[Site "Antalya"]
[Date "2020.01.30"]
[Round "8"]
[White "Kisadere, Kutay"]
[Black "Usun, Tolga"]
[Result "1/2-1/2"]
[WhiteElo "1831"]
[BlackElo "2021"]
[PlyCount "57"]
[EventDate "2020.01.26"]
[EventType "swiss"]
[EventRounds "11"]
[EventCountry "TUR"]
[SourceTitle "CBM 194 Extra"]
[Source "ChessBase"]
[SourceDate "2020.03.31"]
[SourceVersion "1"]
[SourceVersionDate "2020.03.31"]
[SourceQuality "1"]

1. e4 c5 2. Nf3 Nc6 3. d4 cxd4 4. Nxd4 Nf6 5. Nc3 e5 6. Ndb5 d6 7. Bg5 a6 8. Na3 b5 9. Nd5 Be7 10. Bxf6 Bxf6 11. c3 Rb8 12. Nc2 Bg5 13. a4 bxa4 14. Ncb4 Nxb4 15. Nxb4 Bd7 16. Bxa6 Qa5 17. Qxd6 Rb6 18. Qd3 Be7 19. Rd1 Be6 20. Bc4 0-0 21. Bxe6 fxe6 22. 0-0 Bxb4 23. cxb4 Rxb4 24. Qd7 Rxb2 25. Qxe6+ Kh8 26. Qe7 Qb4 27. Qxe5 a3 28. Rd7 Rg8 29. Rxg7 1/2-1/2

[Event "TUR Cup"]
[Site "Antalya"]
[Date "2020.01.28"]
[Round "4"]
[White "Ozsarilar, Osman Nuri"]
[Black "Usun, Tolga"]
[Result "1-0"]
[WhiteElo "1724"]
[BlackElo "2021"]
[PlyCount "121"]
[EventDate "2020.01.26"]
[EventType "swiss"]
[EventRounds "11"]
[EventCountry "TUR"]
[SourceTitle "CBM 194 Extra"]
[Source "ChessBase"]
[SourceDate "2020.03.31"]
[SourceVersion "1"]
[SourceVersionDate "2020.03.31"]
[SourceQuality "1"]

1. e4 c5 2. Nf3 Nc6 3. d4 cxd4 4. Nxd4 Nf6 5. Nc3 e5 6. Nf3 Bb4 7. Bd3 d5 8. exd5 Nxd5 9. Bd2 Nxc3 10. bxc3 Be7 11. 0-0 0-0 12. Rb1 Bf6 13. Qe2 Re8 14. Be4 h6 15. Rfd1 Qe7 16. h3 Be6 17. a4 Rad8 18. Qb5 Bc8 19. Bxc6 bxc6 20. Qxc6 Rd6 21. Qe4 Red8 22. Rb8 Qc7 23. Ra8 Bg5 24. Nxg5 hxg5 25. Qe3 a6 26. Ra7 Bb7 27. Rb1 Rxd2 28. Rbxb7 Rd1+ 29. Kh2 Qc4 30. Rxf7 Qxf7 31. Rxf7 Kxf7 32. Qxe5 R1d5 33. Qc7+ R8d7 34. Qc4 a5 35. Kg3 Kg6 36. Qe4+ Kf6 37. c4 Rc5 38. Qf3+ Kg6 39. Qe4+ Kf6 40. f3 Rdc7 41. Qa8 Kf5 42. Qa6 R7c6 43. Qb7 Rc7 44. Qe4+ Kf6 45. Qe1 Kf5 46. Qd2 Kf6 47. Qd6+ Kf7 48. h4 gxh4+ 49. Kxh4 Rxc4+ 50. g4 R7c5 51. f4 Rc6 52. Qd7+ Kf8 53. f5 Rxc2 54. Qd8+ Kf7 55. Qxa5 g6 56. Qd5+ Kg7 57. Qd7+ Kg8 58. Qe8+ Kh7 59. Qe7+ Kh8 60. f6 R2c5 61. Qg7# 1-0

[Event "TUR Cup										"]
[Site "Antalya"]
[Date "2018.02.01"]
[Round "9"]
[White "Agdelen, Huseyin Can"]
[Black "Usun, Tolga"]
[Result "0-1"]
[WhiteElo "2302"]
[BlackElo "2052"]
[PlyCount "90"]
[EventDate "2018.01.27"]
[EventType "swiss"]
[EventRounds "11"]
[EventCountry "TUR"]
[SourceTitle "CBM 182 Extra"]
[Source "ChessBase"]
[SourceDate "2018.02.23"]
[SourceVersion "1"]
[SourceVersionDate "2018.02.23"]
[SourceQuality "1"]

1. e4 c5 2. Nf3 Nc6 3. Bb5 g6 4. Bxc6 dxc6 5. h3 e5 6. d3 f6 7. Be3 Nh6 8. a4 Nf7 9. Nbd2 Be6 10. a5 f5 11. exf5 gxf5 12. Qe2 Qf6 13. Nc4 Bxc4 14. dxc4 0-0-0 15. 0-0 Rg8 16. Rfd1 Bd6 17. b4 e4 18. Ne1 f4 19. Bxc5 f3 20. Qxe4 Rde8 21. Bd4 Rxe4 22. Bxf6 fxg2 23. Nxg2 Re6 24. Bh4 Reg6 25. Bg3 Bxg3 26. fxg3 Rxg3 27. Rd2 Ne5 28. Kf1 Rxh3 29. Ne1 Nxc4 30. Rf2 Rh1+ 31. Ke2 Re8+ 32. Kd3 Rh3+ 33. Kd4 Nd6 34. Nd3 Rh4+ 35. Kc3 Ne4+ 36. Kb3 Nxf2 37. Nxf2 Rh2 38. Nd3 Ree2 39. Rf1 Rxc2 40. Rf8+ Kc7 41. Rf7+ Kd6 42. Rxb7 Rcg2 43. Rb8 Rg3 44. Rd8+ Kc7 45. Rd4 Rhh3 0-1

[Event "TUR Cup										"]
[Site "Antalya"]
[Date "2018.02.01"]
[Round "8"]
[White "Usun, Tolga"]
[Black "Tasdogen, Dincer"]
[Result "1/2-1/2"]
[WhiteElo "2052"]
[BlackElo "2287"]
[PlyCount "39"]
[EventDate "2018.01.27"]
[EventType "swiss"]
[EventRounds "11"]
[EventCountry "TUR"]
[SourceTitle "CBM 182 Extra"]
[Source "ChessBase"]
[SourceDate "2018.02.23"]
[SourceVersion "1"]
[SourceVersionDate "2018.02.23"]
[SourceQuality "1"]

1. e4 c5 2. Nf3 g6 3. d4 cxd4 4. Nxd4 Bg7 5. Nc3 Nc6 6. Be3 Nf6 7. Bc4 0-0 8. Bb3 d6 9. f3 Bd7 10. Qd2 Na5 11. h4 h5 12. Bh6 Rc8 13. Bxg7 Kxg7 14. 0-0-0 Rc5 15. Kb1 Qb6 16. Nd5 Nxd5 17. exd5 Rfc8 18. Rhe1 Nxb3 19. axb3 Re8 20. c4 1/2-1/2

[Event "TUR Cup										"]
[Site "Antalya"]
[Date "2018.01.30"]
[Round "5"]
[White "Usun, Tolga"]
[Black "Koker, Turan Sevki"]
[Result "1-0"]
[WhiteElo "2052"]
[BlackElo "1849"]
[PlyCount "77"]
[EventDate "2018.01.27"]
[EventType "swiss"]
[EventRounds "11"]
[EventCountry "TUR"]
[SourceTitle "CBM 182 Extra"]
[Source "ChessBase"]
[SourceDate "2018.02.23"]
[SourceVersion "1"]
[SourceVersionDate "2018.02.23"]
[SourceQuality "1"]

1. e4 e6 2. d4 d5 3. Nc3 Nf6 4. Bg5 Be7 5. e5 Nfd7 6. h4 a6 7. Qg4 Bxg5 8. hxg5 c5 9. dxc5 Nxe5 10. Qg3 Nbc6 11. 0-0-0 f5 12. Nge2 g6 13. Nd4 0-0 14. Be2 Qe7 15. Nxc6 Nxc6 16. Bf3 d4 17. Na4 e5 18. Bd5+ Kh8 19. Rh6 Be6 20. Bxe6 Qxe6 21. Rdh1 Qg8 22. Nb6 Rad8 23. Qb3 Rf7 24. Qe6 Rg7 25. Qf6 d3 26. c4 e4 27. Nd5 Re8 28. b3 Ne5 29. Nf4 Ree7 30. Kd2 Re8 31. Kd1 Ree7 32. b4 Re8 33. b5 Ree7 34. c6 bxc6 35. bxc6 a5 36. c7 Rxc7 37. Qxe5 Qxc4 38. Nxg6+ Kg8 39. Qe8# 1-0

[Event "TUR Cup										"]
[Site "Antalya"]
[Date "2018.01.28"]
[Round "3"]
[White "Usun, Tolga"]
[Black "Ozcan, Berk"]
[Result "1-0"]
[WhiteElo "2052"]
[BlackElo "1586"]
[PlyCount "135"]
[EventDate "2018.01.27"]
[EventType "swiss"]
[EventRounds "11"]
[EventCountry "TUR"]
[SourceTitle "CBM 182 Extra"]
[Source "ChessBase"]
[SourceDate "2018.02.23"]
[SourceVersion "1"]
[SourceVersionDate "2018.02.23"]
[SourceQuality "1"]

1. e4 c5 2. Nf3 Nc6 3. Nc3 d6 4. d4 cxd4 5. Nxd4 Nf6 6. Bg5 e6 7. Qd2 Be7 8. 0-0-0 0-0 9. f4 Nxd4 10. Qxd4 Qa5 11. e5 dxe5 12. Qxe5 Qxe5 13. fxe5 Nd5 14. Bxe7 Nxe7 15. Bd3 Nc6 16. Rde1 Rd8 17. Re3 Bd7 18. a3 Be8 19. Rhe1 Ne7 20. Rh3 h6 21. g4 Rd4 22. Rg1 Nd5 23. Ne2 Nf4 24. Nxd4 Nxh3 25. Rf1 Rd8 26. c3 Bc6 27. Nxc6 Rxd3 28. Nxa7 Re3 29. Nc8 Rxe5 30. Ne7+ Kh7 31. Rxf7 Re2 32. Nc8 Rxh2 33. Rxb7 Nf4 34. a4 Nd3+ 35. Kb1 Nc5 36. a5 Rd2 37. Rb5 Na6 38. Rb6 Nc7 39. Rc6 Rd7 40. a6 Kg6 41. Nb6 Re7 42. a7 Na8 43. Nxa8 Rxa7 44. Nc7 Kg5 45. Rc4 e5 46. Ne6+ Kf6 47. Nc5 Ke7 48. Ne4 Ke6 49. Kc2 Kd5 50. Kd3 Rf7 51. Rc5+ Ke6 52. Rc6+ Kd7 53. Rg6 Rf3+ 54. Ke2 Rh3 55. b4 Rh2+ 56. Kd3 Rh3+ 57. Kc4 Re3 58. Kd5 Rd3+ 59. Kxe5 Re3 60. Rxg7+ Ke8 61. Rh7 Kf8 62. Rxh6 Re1 63. g5 Kg8 64. b5 Kg7 65. c4 Kf7 66. c5 Ke7 67. Rd6 Rb1 68. b6 1-0

[Event "TUR Cup"]
[Site "Antalya"]
[Date "2017.02.03"]
[Round "10"]
[White "Usun, Tolga"]
[Black "Korkmaz, Turhan"]
[Result "1/2-1/2"]
[WhiteElo "2059"]
[BlackElo "1867"]
[PlyCount "51"]
[EventDate "2017.01.28"]
[EventType "swiss"]
[EventRounds "11"]
[EventCountry "TUR"]
[SourceTitle "CBM 176 Extra"]
[Source "ChessBase"]
[SourceDate "2017.03.02"]
[SourceVersion "1"]
[SourceVersionDate "2017.03.02"]
[SourceQuality "1"]

1. e4 d6 2. d4 Nf6 3. Nc3 c6 4. f4 Qa5 5. Qd3 e5 6. Nf3 Nbd7 7. Bd2 Qc7 8. Be2 Be7 9. a4 0-0 10. 0-0 Re8 11. Kh1 Bf8 12. Rae1 b6 13. Qc4 Nxe4 14. Nxe4 d5 15. Qa2 dxe4 16. Ng5 Nf6 17. fxe5 h6 18. exf6 hxg5 19. Bc4 Be6 20. Bxg5 Bd6 21. fxg7 Kxg7 22. Bf6+ Kg6 23. Rxe4 Bf5 24. Rxe8 Rxe8 25. Be5 Bxe5 26. Bxf7+ 1/2-1/2

[Event "TUR Cup"]
[Site "Antalya"]
[Date "2017.01.29"]
[Round "2"]
[White "Usun, Tolga"]
[Black "Cil, Batuhan"]
[Result "1-0"]
[WhiteElo "2059"]
[BlackElo "1780"]
[PlyCount "104"]
[EventDate "2017.01.28"]
[EventType "swiss"]
[EventRounds "11"]
[EventCountry "TUR"]
[SourceTitle "CBM 176 Extra"]
[Source "ChessBase"]
[SourceDate "2017.03.02"]
[SourceVersion "1"]
[SourceVersionDate "2017.03.02"]
[SourceQuality "1"]

1. e4 c6 2. Nc3 d5 3. d4 dxe4 4. Nxe4 Nf6 5. Nxf6+ gxf6 6. Ne2 Bf5 7. c3 e6 8. Ng3 Bg6 9. f4 Bd6 10. Qf3 Qc7 11. Ne4 Nd7 12. Bd3 Bxe4 13. Qxe4 0-0-0 14. Be3 Kb8 15. 0-0-0 f5 16. Qf3 c5 17. d5 Rhe8 18. Kb1 Nf6 19. dxe6 fxe6 20. Bc2 Nd5 21. g3 Qc6 22. Bf2 Bc7 23. c4 Nb6 24. Qxc6 bxc6 25. Bd3 Nd7 26. Kc2 h6 27. Rhe1 Bb6 28. Bxf5 exf5 29. Rxe8 Rxe8 30. Rxd7 Kc8 31. Rd3 Re4 32. b3 Kc7 33. Re3 Rxe3 34. Bxe3 Kd6 35. Kd3 Bd8 36. Bd2 Bf6 37. Bc3 Bxc3 38. Kxc3 a5 39. Kd3 Ke6 40. Ke3 h5 41. h3 Kf6 42. g4 fxg4 43. hxg4 hxg4 44. Kf2 Kg6 45. Kg3 Kf5 46. a4 Kg6 47. Kxg4 Kf6 48. f5 Kg7 49. Kf4 Kf6 50. Ke4 Kf7 51. Ke5 Ke7 52. f6+ Kd7 1-0

[Event "TUR Cup"]
[Site "Antalya"]
[Date "2017.01.28"]
[Round "1"]
[White "Kirazci, Okan"]
[Black "Usun, Tolga"]
[Result "0-1"]
[WhiteElo "1626"]
[BlackElo "2059"]
[PlyCount "62"]
[EventDate "2017.01.28"]
[EventType "swiss"]
[EventRounds "11"]
[EventCountry "TUR"]
[SourceTitle "CBM 176 Extra"]
[Source "ChessBase"]
[SourceDate "2017.03.02"]
[SourceVersion "1"]
[SourceVersionDate "2017.03.02"]
[SourceQuality "1"]

1. c4 Nf6 2. Nc3 g6 3. e4 d6 4. Nge2 Bg7 5. g3 h5 6. Bg2 h4 7. d4 Nc6 8. Bg5 Nh7 9. gxh4 Nxg5 10. hxg5 e5 11. d5 Qxg5 12. Bf3 Qf6 13. Bg2 Nb8 14. Qc2 Na6 15. Nc1 Qg5 16. f3 Rxh2 17. Rxh2 Qg3+ 18. Qf2 Qxh2 19. Nd3 Bh6 20. Ke2 Qh5 21. Rh1 Qg5 22. Kf1 Bg7 23. Rh7 Kf8 24. f4 exf4 25. Nxf4 Kg8 26. Rh1 Bd7 27. Nb5 Rf8 28. Nd3 Nc5 29. Nxc5 Bxb5 30. Kg1 dxc5 31. cxb5 Bd4 0-1

[Event "Mersin op 1st"]
[Site "Mersin"]
[Date "2016.10.27"]
[Round "7"]
[White "Khurtsidze, Nino"]
[Black "Usun, Tolga"]
[Result "1-0"]
[WhiteElo "2415"]
[BlackElo "2063"]
[PlyCount "136"]
[EventDate "2016.10.23"]
[EventType "swiss"]
[EventRounds "9"]
[EventCountry "TUR"]
[SourceTitle "EXT 2018"]
[Source "ChessBase"]
[SourceDate "2017.10.13"]
[SourceVersion "1"]
[SourceVersionDate "2017.10.13"]
[SourceQuality "1"]

1. d4 Nf6 2. Nf3 c5 3. d5 b5 4. e3 a6 5. a4 Bb7 6. c4 b4 7. Nbd2 Qc7 8. b3 e5 9. Bb2 d6 10. Bd3 g6 11. Qc2 Bg7 12. h3 Nbd7 13. g4 Nf8 14. 0-0-0 h5 15. g5 N6h7 16. Ne4 0-0-0 17. Nh4 Rg8 18. f4 exf4 19. Bxg7 Rxg7 20. exf4 Kb8 21. Rde1 Bc8 22. Re3 Rg8 23. Ng3 f6 24. gxf6 Nxf6 25. Nxg6 Nxg6 26. Bxg6 h4 27. Ne2 Qg7 28. Rg1 Qh6 29. Re6 Nh5 30. Rg4 Rdf8 31. Kb1 Ng3 32. f5 Bxe6 33. dxe6 Qe3 34. Nc1 Qe5 35. Qd3 Rxg6 36. Rxg6 Nxf5 37. Qf3 Re8 38. Qc6 Rc8 39. Qb6+ Ka8 40. Qxa6+ Kb8 41. Rg4 Nd4 42. Qb6+ Ka8 43. Qa6+ Kb8 44. Qb6+ Ka8 45. e7 Qxe7 46. Qa5+ Kb8 47. Rxd4 cxd4 48. Qxb4+ Ka8 49. Qa5+ Kb8 50. Qb6+ Ka8 51. Qxd4 Qe5 52. Qxh4 Qf5+ 53. Kb2 Qe5+ 54. Ka2 Rb8 55. Qf2 Qc3 56. Qg2+ Ka7 57. Qb2 Qxh3 58. Qd4+ Kb7 59. Qxd6 Qg2+ 60. Ka3 Qc2 61. Nd3 Kc8 62. Qf8+ Kc7 63. Qf4+ Kc8 64. Nc5 Qg6 65. Qf8+ Kc7 66. Qe7+ Kc6 67. Qd7+ Kxc5 68. Qc7+ Qc6 1-0

[Event "Mersin op 1st"]
[Site "Mersin"]
[Date "2016.10.27"]
[Round "6"]
[White "Usun, Tolga"]
[Black "Acar, Utku Cengiz"]
[Result "1-0"]
[WhiteElo "2063"]
[BlackElo "1903"]
[PlyCount "143"]
[EventDate "2016.10.23"]
[EventType "swiss"]
[EventRounds "9"]
[EventCountry "TUR"]
[SourceTitle "EXT 2018"]
[Source "ChessBase"]
[SourceDate "2017.10.13"]
[SourceVersion "1"]
[SourceVersionDate "2017.10.13"]
[SourceQuality "1"]

1. e4 c5 2. Nf3 d6 3. d4 cxd4 4. Nxd4 Nf6 5. Nc3 g6 6. Bc4 Bg7 7. Bb3 a6 8. 0-0 0-0 9. h3 b5 10. Bg5 Bb7 11. Nd5 Nbd7 12. Re1 h6 13. Bh4 Rc8 14. c3 Rc5 15. Nf4 Kh7 16. Nd3 Rh5 17. Bxf6 Bxf6 18. Nf5 Rxh3 19. gxh3 gxf5 20. Bd5 Bxd5 21. exd5 Ne5 22. Qh5 Rg8+ 23. Kh1 Rg5 24. Qe2 Ng6 25. f4 Rg3 26. Kh2 Bh4 27. Rg1 Rxg1 28. Rxg1 Bf6 29. Qf3 Qc8 30. Qh5 Kg7 31. Nb4 Qc4 32. Qf3 Kh7 33. b3 Qxc3 34. Qxc3 Bxc3 35. Nxa6 Nxf4 36. Nc7 b4 37. h4 Be5 38. Kh1 Ne2 39. Rg2 Nc3 40. Kg1 Ne4 41. Na6 Bc3 42. Kf1 e6 43. Nc7 Nc5 44. Ke2 e5 45. Ne8 e4 46. Nxd6 f4 47. Nxe4 Nxe4 48. Kf3 Nd6 49. Kxf4 f6 50. h5 Be5+ 51. Kf3 Nf5 52. Ke4 Ng3+ 53. Kd3 Nxh5 54. Kc4 Nf4 55. Rd2 h5 56. d6 Ne6 57. Kxb4 h4 58. Kc4 h3 59. Kd5 Nd8 60. a4 Nb7 61. d7 Kg6 62. a5 Bc3 63. Ra2 h2 64. Rxh2 Bxa5 65. Ra2 Bb4 66. Ra7 Nd8 67. Ra4 Be7 68. Re4 Kf7 69. Rh4 f5 70. Rh1 Kf6 71. Re1 f4 72. Re4 1-0

[Event "Mersin op 1st"]
[Site "Mersin"]
[Date "2016.10.24"]
[Round "3"]
[White "Neverov, Valeriy"]
[Black "Usun, Tolga"]
[Result "1-0"]
[WhiteElo "2501"]
[BlackElo "2063"]
[PlyCount "105"]
[EventDate "2016.10.23"]
[EventType "swiss"]
[EventRounds "9"]
[EventCountry "TUR"]
[SourceTitle "EXT 2018"]
[Source "ChessBase"]
[SourceDate "2017.10.13"]
[SourceVersion "1"]
[SourceVersionDate "2017.10.13"]
[SourceQuality "1"]

1. Nf3 Nf6 2. g3 g6 3. Bg2 Bg7 4. 0-0 0-0 5. c4 c6 6. d4 d5 7. Qb3 a6 8. Nc3 Ra7 9. Bf4 dxc4 10. Qxc4 Be6 11. Qd3 Nd5 12. Bd2 Nb6 13. Rad1 Bc4 14. Qc2 h6 15. Rfe1 a5 16. e4 N8d7 17. Bf4 e6 18. Qc1 Kh7 19. Bd6 Re8 20. Ne5 Qf6 21. f4 Ba6 22. b3 Kg8 23. h4 Raa8 24. Nxd7 Nxd7 25. e5 Qd8 26. h5 gxh5 27. Qe3 Nb6 28. Qf3 h4 29. Qh5 hxg3 30. Re3 Kh8 31. Rxg3 Rg8 32. Ne4 Nd5 33. Ng5 Qxg5 34. Rxg5 Nxf4 35. Qh4 Ng6 36. Rxg6 fxg6 37. Bf1 Kh7 38. Bxa6 bxa6 39. Rf1 Ra7 40. Qe4 Rc8 41. Rf3 a4 42. Rg3 axb3 43. Qxg6+ Kh8 44. axb3 a5 45. Qxe6 Rg8 46. Bc5 Raa8 47. Qxc6 Rac8 48. Qg6 Rc7 49. Kg2 Rb7 50. e6 a4 51. bxa4 Rb2+ 52. Kh3 Re2 53. Bf8 1-0

[Event "Mersin op 1st"]
[Site "Mersin"]
[Date "2016.10.23"]
[Round "1"]
[White "Shanava, Konstantine"]
[Black "Usun, Tolga"]
[Result "1-0"]
[WhiteElo "2545"]
[BlackElo "2063"]
[PlyCount "85"]
[EventDate "2016.10.23"]
[EventType "swiss"]
[EventRounds "9"]
[EventCountry "TUR"]
[SourceTitle "EXT 2018"]
[Source "ChessBase"]
[SourceDate "2017.10.13"]
[SourceVersion "1"]
[SourceVersionDate "2017.10.13"]
[SourceQuality "1"]

1. e4 c5 2. Nc3 Nc6 3. g3 g6 4. Bg2 Bg7 5. d3 d6 6. f4 e6 7. Nf3 Nge7 8. 0-0 0-0 9. Be3 Nd4 10. Qd2 Rb8 11. a4 Nec6 12. Rae1 a6 13. Bf2 b5 14. axb5 axb5 15. Nxd4 Nxd4 16. Nd1 b4 17. Ne3 f5 18. Qd1 Kh8 19. h4 fxe4 20. Bxe4 e5 21. Nd5 Be6 22. fxe5 Bxe5 23. Nf4 Bf5 24. Bxf5 Rxf5 25. Bxd4 Bxd4+ 26. Kg2 Bxb2 27. h5 Be5 28. hxg6 Qg5 29. Re4 d5 30. Rxe5 Rxe5 31. Rh1 Rbe8 32. Rxh7+ Kg8 33. Rh8+ Kg7 34. Rh7+ Kg8 35. Qh1 R5e7 36. Rh8+ Kg7 37. Rxe8 Rxe8 38. Qh7+ Kf6 39. Qf7+ Ke5 40. Qxe8+ Kd6 41. Qf8+ Kc6 42. g7 b3 43. cxb3 1-0

[Event "Heraklion op 16th"]
[Site "Heraklion"]
[Date "2016.01.10"]
[Round "9"]
[White "Lirindzakis, Timotheos"]
[Black "Usun, Tolga"]
[Result "1/2-1/2"]
[WhiteElo "2213"]
[BlackElo "2056"]
[PlyCount "84"]
[EventDate "2016.01.03"]
[EventType "swiss"]
[EventRounds "9"]
[EventCountry "GRE"]
[SourceTitle "EXT 2024"]
[Source "ChessBase"]
[SourceDate "2023.10.10"]
[SourceVersion "1"]
[SourceVersionDate "2023.10.10"]
[SourceQuality "1"]

1. Nf3 Nf6 2. c4 g6 3. Nc3 Bg7 4. e4 0-0 5. d4 d6 6. Be2 e5 7. 0-0 Na6 8. Be3 Ng4 9. Bg5 Qe8 10. h3 h6 11. Bc1 Nf6 12. dxe5 dxe5 13. Be3 Nd7 14. a3 Qe7 15. b4 c6 16. c5 Nc7 17. Qd2 Kh7 18. Bc4 Ne6 19. Rad1 a5 20. Qd6 Re8 21. Qxe7 Rxe7 22. Rd6 axb4 23. axb4 Ndf8 24. Rfd1 Ra3 25. Ne2 Ra4 26. Bd2 Nd4 27. Nexd4 exd4 28. e5 Be6 29. Rxd4 Bxc4 30. Rxc4 Nd7 31. Bf4 Nxe5 32. Nxe5 Bxe5 33. Bxe5 Rxe5 34. Rd7 Rf5 35. g3 Ra7 36. Kg2 Kg7 37. Rf4 Rxf4 38. gxf4 Kf6 39. b5 Ra5 40. bxc6 bxc6 41. Rd6+ Kf5 42. Rxc6 Kxf4 1/2-1/2

[Event "Gebze op"]
[Site "Gebze"]
[Date "2013.10.04"]
[Round "4"]
[White "Rahmanov, Shahriyar Teymur Og"]
[Black "Usun, Tolga"]
[Result "1-0"]
[WhiteElo "2261"]
[BlackElo "1931"]
[PlyCount "59"]
[EventDate "2013.10.03"]
[EventType "swiss"]
[EventRounds "7"]
[EventCountry "TUR"]
[SourceTitle "CBM 157 Extra"]
[Source "ChessBase"]
[SourceDate "2013.12.19"]
[SourceVersion "1"]
[SourceVersionDate "2013.12.19"]
[SourceQuality "1"]

1. d4 Nf6 2. c4 g6 3. Nc3 Bg7 4. e4 d6 5. f4 0-0 6. Nf3 c5 7. d5 e6 8. dxe6 fxe6 9. Bd3 Nh5 10. g3 Nc6 11. 0-0 e5 12. f5 gxf5 13. exf5 e4 14. Bxe4 Nf6 15. Bg5 Ne7 16. Bxf6 Bxf6 17. g4 Nc6 18. Bxc6 bxc6 19. Qd2 Ba6 20. Qf4 d5 21. g5 Bxc3 22. bxc3 Bxc4 23. Rf2 Qd7 24. Ne5 Qc7 25. f6 Qd6 26. Re1 Qe6 27. g6 hxg6 28. Qg5 Rf7 29. Qxg6+ Kf8 30. Qh6+ 1-0

[Event "TUR-ch"]
[Site "Antalya"]
[Date "2013.02.09"]
[Round "11"]
[White "Giris, Ruchan"]
[Black "Usun, Tolga"]
[Result "1/2-1/2"]
[WhiteElo "1742"]
[BlackElo "1917"]
[PlyCount "107"]
[EventDate "2013.02.02"]
[EventType "swiss"]
[EventRounds "11"]
[EventCountry "TUR"]
[SourceTitle "CBM 152 Extra"]
[Source "ChessBase"]
[SourceDate "2013.02.25"]
[SourceVersion "1"]
[SourceVersionDate "2013.02.25"]
[SourceQuality "1"]

1. e4 c5 2. Nf3 Nc6 3. Nc3 Nf6 4. Bb5 Qc7 5. 0-0 Nd4 6. Re1 e5 7. Bc4 Be7 8. a4 0-0 9. Nd5 Nxd5 10. Bxd5 d6 11. c3 Nxf3+ 12. Qxf3 c4 13. d3 cxd3 14. Qxd3 Qd8 15. Be3 Bg5 16. Rad1 a5 17. Bc4 Bxe3 18. Rxe3 Qc7 19. Bb5 Rd8 20. Qd2 Bg4 21. f3 Be6 22. c4 Kf8 23. b3 h6 24. Kh1 Ke7 25. Rd3 Qc5 26. Qe3 Qxe3 27. Rxe3 Rac8 28. Kg1 g6 29. Red3 Rc5 30. Kf2 f5 31. Ke3 f4+ 32. Ke2 g5 33. h3 h5 34. R3d2 Rcc8 35. Kf1 g4 36. hxg4 hxg4 37. Kf2 g3+ 38. Ke2 Ra8 39. Kd3 Rh8 40. Kc3 Rad8 41. Kb2 b6 42. Ka3 Rh2 43. b4 Rhh8 44. Kb2 axb4 45. Kb3 Rc8 46. Kxb4 Rhd8 47. Kc3 Rc7 48. Kb3 Rcc8 49. Kb4 Rc7 50. Rh1 Rcc8 51. Rh7+ Bf7 52. Rh1 Rc7 53. Ra1 Rdc8 54. Rc1 1/2-1/2

[Event "TUR-ch"]
[Site "Antalya"]
[Date "2013.02.05"]
[Round "5"]
[White "Ipek, Suat Sukru"]
[Black "Usun, Tolga"]
[Result "0-1"]
[WhiteElo "1709"]
[BlackElo "1917"]
[PlyCount "102"]
[EventDate "2013.02.02"]
[EventType "swiss"]
[EventRounds "11"]
[EventCountry "TUR"]
[SourceTitle "CBM 152 Extra"]
[Source "ChessBase"]
[SourceDate "2013.02.25"]
[SourceVersion "1"]
[SourceVersionDate "2013.02.25"]
[SourceQuality "1"]

1. e4 c5 2. Nf3 Nc6 3. d4 cxd4 4. Nxd4 Nf6 5. Nc3 e5 6. Nb3 Bb4 7. Bd3 d5 8. Nd2 Bg4 9. f3 Be6 10. exd5 Nxd5 11. Nxd5 Bxd5 12. 0-0 0-0 13. Ne4 Be7 14. c3 f5 15. Ng3 Be6 16. Qe2 Bc5+ 17. Kh1 Qh4 18. Re1 Rf6 19. b4 Bd6 20. Nf1 Raf8 21. Bd2 Kh8 22. g3 Qh5 23. Be3 Bd5 24. Nd2 f4 25. gxf4 exf4 26. Bg1 Re6 27. Be4 Bxe4 28. Nxe4 Rfe8 29. Rf1 Rxe4 30. Qd3 R4e6 31. b5 Ne5 32. Qd5 b6 33. Rae1 Qg6 34. Re4 h6 35. Rxf4 Qd3 36. Rd1 Qxd5 37. Rxd5 g5 38. Rf5 Kh7 39. f4 gxf4 40. Rxf4 R8e7 41. a4 Ng6 42. Rc4 Bf4 43. Rc6 Rxc6 44. bxc6 Bc7 45. Bf2 Ne5 46. Bg3 Nxc6 47. c4 Bxg3 48. hxg3 Re1+ 49. Kg2 Rc1 50. Rd7+ Kg8 51. a5 bxa5 0-1

[Event "TUR-ch"]
[Site "Kemer"]
[Date "2012.01.31"]
[Round "5"]
[White "Usun, Tolga"]
[Black "Bakan, Erkan"]
[Result "1-0"]
[WhiteElo "1878"]
[BlackElo "1587"]
[PlyCount "45"]
[EventDate "2012.01.29"]
[EventType "swiss"]
[EventRounds "10"]
[EventCountry "TUR"]
[SourceTitle "CBM 146 Extra"]
[Source "ChessBase"]
[SourceDate "2012.02.29"]
[SourceVersion "1"]
[SourceVersionDate "2012.02.29"]
[SourceQuality "1"]

1. e4 c5 2. Nf3 Nc6 3. d4 cxd4 4. Nxd4 d6 5. Nc3 e6 6. Be2 Nf6 7. Bg5 Be7 8. Ndb5 a6 9. Bxf6 gxf6 10. Nd4 Nxd4 11. Qxd4 b5 12. Rd1 0-0 13. a3 Bb7 14. Rd3 Kh8 15. Bh5 Qe8 16. f4 Qc6 17. Qf2 Qe8 18. f5 e5 19. 0-0 a5 20. Rh3 b4 21. Qh4 Rg8 22. Bg6 Rg7 23. Bxh7 1-0

[Event "TUR-ch"]
[Site "Kemer"]
[Date "2012.01.29"]
[Round "2"]
[White "Apaydin, Fethi"]
[Black "Usun, Tolga"]
[Result "1-0"]
[WhiteElo "2213"]
[BlackElo "1878"]
[PlyCount "64"]
[EventDate "2012.01.29"]
[EventType "swiss"]
[EventRounds "10"]
[EventCountry "TUR"]
[SourceTitle "CBM 146 Extra"]
[Source "ChessBase"]
[SourceDate "2012.02.29"]
[SourceVersion "1"]
[SourceVersionDate "2012.02.29"]
[SourceQuality "1"]

1. Nf3 Nf6 2. g3 g6 3. Bg2 Bg7 4. 0-0 0-0 5. d3 d5 6. Nbd2 Nc6 7. e4 e5 8. c3 a5 9. a4 h6 10. Re1 dxe4 11. dxe4 Be6 12. Qe2 Nd7 13. b3 Qb8 14. Nc4 Nc5 15. Ba3 Qa7 16. Bf1 Rfd8 17. Qc2 Rd7 18. Red1 Rad8 19. Rxd7 Rxd7 20. Bc1 f5 21. Be3 f4 22. Bxc5 Qxc5 23. Rd1 Rf7 24. Ne1 Qe7 25. f3 fxg3 26. hxg3 Qg5 27. Qh2 Bf8 28. Bh3 Bc5+ 29. Kh1 Bxh3 30. Qxh3 Bf2 31. Kg2 Be3 32. Rd7 h5 1-0

[Event "TUR-ch op"]
[Site "Antalya"]
[Date "2008.02.08"]
[Round "9.16"]
[White "Ozturk Orenli, Kubra"]
[Black "Usun, Tolga"]
[Result "1-0"]
[WhiteElo "2179"]
[BlackElo "1842"]
[PlyCount "40"]
[EventDate "2008.02.04"]
[EventType "swiss"]
[EventRounds "11"]
[EventCountry "TUR"]
[SourceTitle "CBM 122 Extra"]
[Source "ChessBase"]
[SourceDate "2008.03.04"]
[SourceVersion "1"]
[SourceVersionDate "2008.03.04"]
[SourceQuality "1"]

1. d4 Nf6 2. Nf3 g6 3. g3 Bg7 4. Bg2 0-0 5. c4 c5 6. 0-0 d6 7. Nc3 Nc6 8. dxc5 dxc5 9. Be3 Nd7 10. Qd2 Qa5 11. Rac1 Rd8 12. Rfd1 Nf8 13. Nd5 Qxd2 14. Rxd2 Ne6 15. Ng5 Bd4 16. Bxd4 Nexd4 17. Rcd1 Bf5 18. e3 h6 19. exd4 hxg5 20. dxc5 Kg7 1-0

[Event "TUR-ch op"]
[Site "Antalya"]
[Date "2008.02.06"]
[Round "6.18"]
[White "Usun, Tolga"]
[Black "Seyhanoglu, Deniz"]
[Result "1-0"]
[WhiteElo "1842"]
[BlackElo "2051"]
[PlyCount "45"]
[EventDate "2008.02.04"]
[EventType "swiss"]
[EventRounds "11"]
[EventCountry "TUR"]
[SourceTitle "CBM 122 Extra"]
[Source "ChessBase"]
[SourceDate "2008.03.04"]
[SourceVersion "1"]
[SourceVersionDate "2008.03.04"]
[SourceQuality "1"]

1. e4 c5 2. Nf3 e6 3. d4 cxd4 4. Nxd4 a6 5. Bd3 Qc7 6. 0-0 Nf6 7. Qe2 d6 8. Nc3 b5 9. a3 Bb7 10. Kh1 Nbd7 11. f4 Be7 12. Bd2 Rc8 13. Rae1 Nb6 14. e5 Nfd5 15. exd6 Qxd6 16. Ne4 Qd8 17. Ng5 Nxf4 18. Rxf4 Bxg5 19. Nxe6 fxe6 20. Qxe6+ Qe7 21. Qf7+ Kd8 22. Rd4+ Nd7 23. Bxg5 1-0